ბათუმის შოთა რუსთაველის სახელმწიფო უნივერსიტეტის ბიბლიოთეკა

აჭარის მდინარეთა(ჭოროხი, აჭარისწყალი, ჩაქვისწყალი, კინტრიში და მაჭახელა) იქთიოფაუნის სისტემატიკა, ბიოლოგია და ეკოლოგია". (ბიბ.ჩანაწერი № 60472)

000 -ლიდერი
ფიქსირებული სიგრძის საკონტროლო ველი 02049nam a22002057a 4500
003 - საკონტროლო ნომრის იდენტიფიკატორი
საკონტროლო ველი Ge_BSU
005 - ბოლო ოპერაციის თარიღი და დრო
საკონტროლო ველი 20230725152622.0
008 - ფიქსირებული სიგრძის მონაცემთა ელემენტები - ზოგადი ინფორმაცია
ფიქსირებული სიგრძის საკონტროლო ველი 230725s2023ge xxu||||| |||| 00| 0 geo d
041 ## - ენის კოდი
Language code of text/sound track or separate title geo
080 ## - უნივერსალური ათობითი კლასიფიკაციის ინდექსი
Universal Decimal Classification number 59 მ-74
100 ## - მთავარი ჩანაწერი - პიროვნების სახელი
Personal name მიქელაძე, რამაზ
9 (RLIN) 19541
245 ## - ცნობა სათაურის შესახებ
Title აჭარის მდინარეთა(ჭოროხი, აჭარისწყალი, ჩაქვისწყალი, კინტრიში და მაჭახელა) იქთიოფაუნის სისტემატიკა, ბიოლოგია და ეკოლოგია".
Remainder of title დისერტაცია : ბიოლოგიის დოქტორის აკადემიური ხარისხის მოსაპოვებლად /
Statement of responsibility, etc რამაზ მიქელაძე, სამეცნ. ხელმძღვ. თემურ გოგმაჩაძე
264 ## - წარმოების, გამოცემის, დისტრიბუციის და სხვა ცნობები
გამოცემის, წარმოების, დისტრიბუციის... ადგილი ბათუმი :
გამოცემის, წარმოების, დისტრიბუციის... სახელწოდება ბათუმის შოთა რუსთაველის სახელმწიფო უნივერსიტეტი,
გამოცემის, წარმოების, დისტრიბუციის... თარიღი 2023.
300 ## - ფიზიკური აღწერა
Extent 144 გვ.:
Other physical details 30 სმ.
653 ## - INDEX TERM--UNCONTROLLED
Uncontrolled term ჭარის მდინარეთა(ჭოროხი, აჭარისწყალი, ჩაქვისწყალი, კინტრიში და მაჭახელა) იქთიოფაუნის სისტემატიკა, ბიოლოგია და ეკოლოგია".
653 ## - INDEX TERM--UNCONTROLLED
Uncontrolled term ზოოლოგია
700 ## - ADDED ENTRY--PERSONAL NAME
Personal name გოგმაჩაძე, თემურ
Relator term სამეცნიერო ხელმძღვანელი
9 (RLIN) 118
710 ## - ADDED ENTRY--CORPORATE NAME
Corporate name or jurisdiction name as entry element ბათუმის შოთა რუსთაველის სახელმწიფო უნივერსიტეტი საბუნებისმეტყველო მეცნიერებათა და ჯანდაცვის ფაკულტეტი ბიოლოგიის დეპარტამენტი
9 (RLIN) 10400
942 ## - ADDED ENTRY ELEMENTS (KOHA)
Source of classification or shelving scheme
Koha item type დისერტაცია
ეგზემპლარები
ჩამოწერის სტატუსი დაკარგული ეგზემპლარის სტატუსი კლასიფიკაციის წყარო ან თაროზე გაწყობის სქემა დაზიანების სტატუსი არ გაიცემა მუდმივი მდებარეობა (დაცვის ადგილი) ამჟამინდელი ადგილსამყოფელი თაროზე განთავსების ადგილი შეძენის თარიღი სრული შენახვის შიფრი შტრიხკოდი ბოლო ოპერაციის თარიღი ეგზემპლარის მიმდევრობითი ნომერი (კეტერი?) ფასის ძალაში შესვლის თარიღი ეგზემპლარის სახეობა
          ბათუმის შოთა რუსთაველის სახელმწიფო უნივერსიტეტის მთავარი ბიბლიოთეკა ბათუმის შოთა რუსთაველის სახელმწიფო უნივერსიტეტის მთავარი ბიბლიოთეკა წიგნის კალათა 2023-07-25 59 მ-74 421 დისერტაცია 2023-07-25 421 დისერტაცია 2023-07-25 დისერტაცია